Decentralization and people's participation in Bangladesh / (Record no. 60390)
[ view plain ]
| 000 -LEADER | |
|---|---|
| fixed length control field | 00930nam a2200253 a 4500 |
| 001 - CONTROL NUMBER | |
| control field | 60390 |
| 003 - CONTROL NUMBER IDENTIFIER | |
| rucl marc code | BD-RjUL |
| 005 - DATE AND TIME OF LATEST TRANSACTION | |
| control field | 20211209080831.0 |
| 008 - FIXED-LENGTH DATA ELEMENTS--GENERAL INFORMATION | |
| fixed length control field | 161231s1983 bg a b 001 0 eng |
| 035 ## - SYSTEM CONTROL NUMBER | |
| System control number | (BD-RjUL)60514 |
| 040 ## - CATALOGING SOURCE | |
| Modifying agency | CStRLIN |
| -- | BD-RjUL |
| Original cataloging agency | BD-RjUL |
| Language of cataloging | eng |
| Transcribing agency | BD-RjUL |
| 041 ## - LANGUAGE CODE | |
| Language code of text/sound track or separate title | eng |
| 082 0# - DEWEY DECIMAL CLASSIFICATION NUMBER | |
| Edition number | 23 |
| Classification number | 320.8095492 |
| Author mark and year | ALD 1983 |
| 100 1# - MAIN ENTRY--PERSONAL NAME | |
| Personal name | Ali, Shaikh Maqsood. |
| 9 (RLIN) | 179724 |
| 245 10 - TITLE STATEMENT | |
| Title | Decentralization and people's participation in Bangladesh / |
| Statement of responsibility, etc. | Shaikh Maqsood Ali, Muhammad Safiur Rahman and Kshanada Mohan Das. |
| 260 ## - PUBLICATION, DISTRIBUTION, ETC. (IMPRINT) | |
| Place of publication, distribution, etc. | Dhaka : |
| Name of publisher, distributor, etc. | National Institute of Public Administration, |
| Date of publication, distribution, etc. | 1983. |
| 300 ## - PHYSICAL DESCRIPTION | |
| Pagination | vi, 614 p. : |
| Illustrations | ill. ; |
| Size | 24 cm. |
| 504 ## - BIBLIOGRAPHY, ETC. NOTE | |
| Bibliography, etc | Include bibliography and index. |
| 650 #0 - SUBJECT ADDED ENTRY--TOPICAL TERM | |
| Topical term or geographic name as entry element | Decentralization in government |
| Geographic subdivision | Bangladesh. |
| 9 (RLIN) | 179725 |
| Topical term or geographic name as entry element | Political participation |
| Geographic subdivision | Bangladesh. |
| 9 (RLIN) | 179726 |
| 700 1# - ADDED ENTRY--PERSONAL NAME | |
| Personal name | Rahman, Muhammad Safiur. |
| Personal name | Das, Kshanada Mohan. |
| 942 ## - ADDED ENTRY ELEMENTS (KOHA) | |
| Source of classification or shelving scheme | Dewey Decimal Classification |
| Koha item type | Books |
| Lost status | Source of classification or shelving scheme | Damaged status | Not for loan | Collection code | Permanent Location | Current Location | Shelving location | Date acquired | Source of acquisition | Cost, normal purchase price | Total Checkouts | Full call number | Date last seen | Copy number | Koha item type |
|---|---|---|---|---|---|---|---|---|---|---|---|---|---|---|---|
| Dewey Decimal Classification | Not For Loan | Non-fiction | Central Library, University of Rajshahi | Central Library, University of Rajshahi | Reading Room | 25/06/1984 | Book Syndicate, Lahore | 150.00 | 320.8095492 ALD 1983 | 31/12/2016 | C-1 | Books |